[Event "Copenhagen Chess Challenge 2011"]
[Site "Ballerup"]
[Date "2011.05.19"]
[Round "3"]
[White "Haubro, Martin"]
[Black "Holtzmann, Sonny"]
[Result "1-0"]
[WhiteElo "2003"]
[BlackElo "1659"]
[PlyCount "33"]
[EventDate "2011.??.??"]
[EventType "swiss"]
[EventRounds "9"]
[EventCountry "DEN"]

1. e4 c6 2. d4 d5 3. Nc3 dxe4 4. Nxe4 Bf5 5. Ng3 Bg6 6. h4 h5 7. N1e2 e6 8. Nf4
Ne7 9. c3 Nd7 10. Ngxh5 e5 11. Nxg6 Nxg6 12. Be3 Nxh4 13. Qg4 Ng6 14. O-O-O Qa5
15. Bd3 O-O-O 16. Bc4 exd4 17. cxd4 1-0

[Event "Copenhagen Chess Challenge 2011"]
[Site "Ballerup"]
[Date "2011.05.19"]
[Round "3"]
[White "Vesterli, Michael E"]
[Black "Jensen, Simon Stibolt"]
[Result "1-0"]
[WhiteElo "1959"]
[BlackElo "1748"]
[PlyCount "79"]
[EventDate "2011.??.??"]
[EventType "swiss"]
[EventRounds "9"]
[EventCountry "DEN"]

1. d4 d5 2. c4 e6 3. Nc3 Nf6 4. Nf3 c5 5. Bg5 cxd4 6. Nxd4 dxc4 7. e4 Be7 8.
Bxc4 O-O 9. O-O Nc6 10. Nxc6 bxc6 11. Qxd8 Bxd8 12. Rfd1 Nd7 13. Bf4 Nb6 14.
Bd6 Re8 15. Be2 Bb7 16. a4 Be7 17. a5 Bxd6 18. Rxd6 Nc8 19. Rd7 Rb8 20. Na4 Ba8
21. Ba6 Rb4 22. f3 Ne7 23. Rxa7 c5 24. Nxc5 Rxb2 25. Na4 Rd2 26. Rc1 Ng6 27.
Nb6 Nf4 28. Rxa8 Rxa8 29. Nxa8 Rxg2+ 30. Kf1 h6 31. Rc8+ Kh7 32. Bb5 Rxh2 33.
Nb6 h5 34. a6 Rh1+ 35. Kf2 Ra1 36. Na4 Nd3+ 37. Ke3 h4 38. a7 h3 39. a8=Q Kg6
40. Bxd3 1-0

[Event "Copenhagen Chess Challenge 2011"]
[Site "Ballerup"]
[Date "2011.05.19"]
[Round "3"]
[White "Lodahl, Holger"]
[Black "Rimestad, Arild"]
[Result "0-1"]
[WhiteElo "1939"]
[BlackElo "1725"]
[PlyCount "66"]
[EventDate "2011.??.??"]
[EventType "swiss"]
[EventRounds "9"]
[EventCountry "DEN"]

1. d4 f5 2. g3 Nf6 3. Bg2 c6 4. Nh3 g6 5. O-O Bg7 6. c4 d6 7. Nc3 O-O 8. Qb3
Qe8 9. d5 Na6 10. Nf4 h6 11. dxc6 bxc6 12. c5+ Kh7 13. cxd6 Nc5 14. Qd1 e5 15.
Nd3 Nb7 16. Nb4 e4 17. h4 Qd7 18. Bf4 Nh5 19. Qc1 Nxf4 20. Qxf4 a5 21. Nc2 Qxd6
22. Qe3 Qe5 23. Qb6 Rf6 24. Rad1 Bf8 25. Qd4 Qxd4 26. Nxd4 a4 27. e3 Nc5 28. b4
axb3 29. axb3 Ba6 30. Ra1 Rb8 31. Rfc1 Nd3 32. Nd5 cxd5 33. Rc7+ Kh8 0-1

[Event "Copenhagen Chess Challenge 2011"]
[Site "Ballerup"]
[Date "2011.05.19"]
[Round "3"]
[White "Haagen Larsen, Hans"]
[Black "Kokholm, Daniel"]
[Result "0-1"]
[WhiteElo "1745"]
[BlackElo "1934"]
[PlyCount "82"]
[EventDate "2011.??.??"]
[EventType "swiss"]
[EventRounds "9"]
[EventCountry "DEN"]

1. d4 Nc6 2. Nf3 d5 3. Bf4 Bg4 4. Nbd2 e6 5. c3 Bd6 6. Ne5 Nxe5 7. dxe5 Bc5 8.
Qa4+ c6 9. f3 Bf5 10. g4 Bg6 11. h4 h5 12. Bg3 a5 13. Bh3 b5 14. Qf4 Qb6 15.
Nf1 Ne7 16. Rh2 d4 17. cxd4 Bb4+ 18. Kf2 Nd5 19. Qc1 Qxd4+ 20. e3 Qb6 21. gxh5
Bd3 22. a3 Be7 23. b4 axb4 24. axb4 Rd8 25. Qa3 Bxf1 26. Bxf1 Bxb4 27. Qa7 Qxa7
28. Rxa7 Bc5 29. Ra6 Bxe3+ 30. Ke1 Nc3 31. Ra1 b4 32. Rc2 b3 33. Rb2 Bd4 34.
Ra6 Ne4 35. fxe4 Bxb2 36. Rxc6 Bd4 37. Rd6 O-O 38. Bd3 Bc3+ 39. Kd1 Ra8 40. Rb6
Rfd8 41. Ke2 Ra2+ 0-1

[Event "Copenhagen Chess Challenge 2011"]
[Site "Ballerup"]
[Date "2011.05.19"]
[Round "3"]
[White "Pawlak, Wojciech Zbigniew"]
[Black "Andreasen, Rene"]
[Result "1/2-1/2"]
[WhiteElo "1645"]
[BlackElo "1847"]
[PlyCount "25"]
[EventDate "2011.??.??"]
[EventType "swiss"]
[EventRounds "9"]
[EventCountry "DEN"]

1. e4 c6 2. d4 d5 3. exd5 cxd5 4. c4 Nc6 5. Nf3 Nf6 6. Nc3 Bg4 7. cxd5 Nxd5 8.
Qb3 Bxf3 9. gxf3 Nb6 10. d5 Ne5 11. Be2 g6 12. Be3 Bg7 13. Rd1 1/2-1/2

[Event "Copenhagen Chess Challenge 2011"]
[Site "Ballerup"]
[Date "2011.05.19"]
[Round "3"]
[White "Schmidt, Horst Hubert"]
[Black "Andersen, Troels Baekgaard"]
[Result "0-1"]
[WhiteElo "1834"]
[BlackElo "1613"]
[PlyCount "94"]
[EventDate "2011.??.??"]
[EventType "swiss"]
[EventRounds "9"]
[EventCountry "DEN"]

1. d4 d5 2. Nf3 Nf6 3. e3 e6 4. c4 Be7 5. cxd5 exd5 6. Bd3 O-O 7. Qc2 Nc6 8. a3
Re8 9. Nc3 a6 10. O-O Bd6 11. b4 Bg4 12. Ng5 h6 13. Bh7+ Kf8 14. Nxf7 Kxf7 15.
Bg6+ Kf8 16. Bxe8 Qxe8 17. h3 Bh5 18. Bb2 Bg6 19. Qb3 Qf7 20. b5 Na5 21. Qa4
Nc4 22. Bc1 a5 23. Qb3 Re8 24. Na4 Ne4 25. Ra2 Kg8 26. Nc3 Nxc3 27. Qxc3 Rf8
28. Re2 Be4 29. f3 Bg3 30. Bd2 Bg6 31. Be1 Bd6 32. a4 Kh8 33. Qb3 Re8 34. Bf2
Bb4 35. Rd1 Bh5 36. g4 Qxf3 37. Qd3 Bf7 38. Rf1 Qxh3 39. Qf5 Be6 40. Qg6 Qxg4+
41. Qxg4 Bxg4 42. Rc2 Bd6 43. Re1 Bf5 44. Ra2 Re4 45. Kg2 h5 46. Rh1 Rg4+ 47.
Kf3 Be4+ 0-1

[Event "Copenhagen Chess Challenge 2011"]
[Site "Ballerup"]
[Date "2011.05.19"]
[Round "3"]
[White "Sylvan, Jacob"]
[Black "Andersen, Mads"]
[Result "1/2-1/2"]
[WhiteElo "2261"]
[BlackElo "2431"]
[PlyCount "128"]
[EventDate "2011.??.??"]
[EventType "swiss"]
[EventRounds "9"]
[EventCountry "DEN"]

1. d4 Nf6 2. c4 g6 3. g3 Bg7 4. Bg2 d5 5. cxd5 Nxd5 6. Nf3 Nb6 7. O-O Nc6 8. e3
O-O 9. Qe2 e5 10. dxe5 Nxe5 11. Nxe5 Bxe5 12. Rd1 Qe7 13. Nc3 c6 14. e4 Be6 15.
f4 Bg7 16. Be3 Nc4 17. Bf2 Qb4 18. e5 Nxb2 19. Rdc1 Bc4 20. Qe4 Nd3 21. Rab1
Nxf2 22. Qd4 Qe7 23. Qxc4 Ng4 24. Nd1 Rfd8 25. Bh3 Nh6 26. Nf2 g5 27. Ne4 gxf4
28. gxf4 Qh4 29. Rc3 b5 30. Qf1 Kh8 31. Rg3 Rg8 32. Ng5 f6 33. exf6 Bxf6 34.
Be6 Rg6 35. Rh3 Bd4+ 36. Kg2 Rxg5+ 37. Kh1 Rg1+ 38. Qxg1 Qxf4 39. Qg2 Rf8 40.
Rg3 c5 41. Bb3 a5 42. Bc2 b4 43. Bd3 Qe5 44. Rf1 Rxf1+ 45. Qxf1 Qd5+ 46. Qg2
Qxg2+ 47. Kxg2 a4 48. Bc4 b3 49. axb3 a3 50. b4 cxb4 51. Be6 Bg7 52. Kf1 Nf5
53. Rd3 Nd4 54. Rxd4 Bxd4 55. Ke2 Kg7 56. Kd3 Kf6 57. Bg8 Ke5 58. Kc2 h5 59.
Kb3 Bc5 60. h3 Kd4 61. Ka2 Kc3 62. Bf7 Be7 63. Bg8 Kc2 64. Bf7 Kd3 1/2-1/2

[Event "Copenhagen Chess Challenge 2011"]
[Site "Ballerup"]
[Date "2011.05.19"]
[Round "3"]
[White "Brekka, Hanus"]
[Black "Andreasen, Per"]
[Result "1/2-1/2"]
[WhiteElo "2101"]
[BlackElo "2269"]
[PlyCount "36"]
[EventDate "2011.??.??"]
[EventType "swiss"]
[EventRounds "9"]
[EventCountry "DEN"]

1. e4 g6 2. d4 Bg7 3. Nf3 d6 4. Bd3 Nc6 5. c3 e5 6. dxe5 dxe5 7. O-O Nf6 8. Qe2
O-O 9. Be3 Qe7 10. Nbd2 h6 11. Nb3 b6 12. Rfd1 a5 13. Nbd2 Bb7 14. Nf1 Rfd8 15.
Ng3 Rd6 16. Bc2 Rad8 17. Rxd6 Rxd6 18. Rd1 Nd7 1/2-1/2

[Event "Copenhagen Chess Challenge 2011"]
[Site "Ballerup"]
[Date "2011.05.19"]
[Round "3"]
[White "Porte, Henrik"]
[Black "Skytte, Torill"]
[Result "1-0"]
[WhiteElo "2128"]
[BlackElo "1992"]
[PlyCount "95"]
[EventDate "2011.??.??"]
[EventType "swiss"]
[EventRounds "9"]
[EventCountry "DEN"]

1. d4 d5 2. c4 Nf6 3. Nc3 e6 4. Bg5 Be7 5. e3 O-O 6. Nf3 Nbd7 7. cxd5 exd5 8.
Bd3 h6 9. Bh4 b6 10. O-O Bb7 11. Rc1 c5 12. Bf5 Re8 13. Qc2 a6 14. dxc5 bxc5
15. Rfd1 Qc7 16. Bg3 Bd6 17. Bxd7 Qxd7 18. Na4 Bxg3 19. hxg3 Qb5 20. Nxc5 Rac8
21. Nd4 Qb6 22. Qb3 Qxb3 23. Ndxb3 Rc7 24. Ne4 Rec8 25. Nxf6+ gxf6 26. Kf1 a5
27. Ke1 a4 28. Rxc7 Rxc7 29. Nd4 Ba6 30. Kd2 Kh7 31. Rc1 Rb7 32. b3 Kg6 33. Rc5
Bf1 34. Rxd5 Bxg2 35. Rb5 Ra7 36. b4 a3 37. Kc3 Rc7+ 38. Rc5 Ra7 39. b5 Rd7 40.
Kb4 Bd5 41. Kxa3 Ra7+ 42. Kb4 Bxa2 43. b6 Rb7 44. Kb5 Bb1 45. Ka6 Rd7 46. b7
Bd3+ 47. Kb6 Rd6+ 48. Kc7 1-0

[Event "Copenhagen Chess Challenge 2011"]
[Site "Ballerup"]
[Date "2011.05.19"]
[Round "3"]
[White "Leosson, Atli Johann"]
[Black "Grau, Peter"]
[Result "1/2-1/2"]
[WhiteElo "1673"]
[BlackElo "2101"]
[PlyCount "65"]
[EventDate "2011.??.??"]
[EventType "swiss"]
[EventRounds "9"]
[EventCountry "DEN"]

1. e4 e5 2. Nf3 Nc6 3. Bc4 Nf6 4. d3 Be7 5. Nc3 d6 6. a3 Nd4 7. Nxd4 exd4 8.
Ne2 d5 9. exd5 Nxd5 10. Nxd4 Nb6 11. Be3 O-O 12. Bb3 Bf6 13. c3 Re8 14. O-O c5
15. Nc2 Qd6 16. Qh5 g6 17. Qxc5 Qxd3 18. Nb4 Qe2 19. Qc7 Rf8 20. Bc5 Be5 21.
Qe7 Nd7 22. Bd6 Qxb2 23. Bxf7+ Rxf7 24. Qe8+ Nf8 25. Bxe5 Qb3 26. Qd8 Qe6 27.
Rae1 Qd7 28. Qh4 a5 29. Nc2 Qd2 30. Ne3 Be6 31. Rd1 Qa2 32. Ra1 Qe2 33. Rae1
1/2-1/2

[Event "Copenhagen Chess Challenge 2011"]
[Site "Ballerup"]
[Date "2011.05.19"]
[Round "3"]
[White "Hein, Jacob"]
[Black "Molvig, Julius"]
[Result "0-1"]
[WhiteElo "1577"]
[BlackElo "1830"]
[PlyCount "88"]
[EventDate "2011.??.??"]
[EventType "swiss"]
[EventRounds "9"]
[EventCountry "DEN"]

1. c4 Nf6 2. g3 g6 3. Bg2 Bg7 4. Nc3 O-O 5. d4 d6 6. Nf3 Nbd7 7. Bd2 e5 8. e3
Nh5 9. O-O e4 10. Nh4 f5 11. Ne2 g5 12. Nxf5 Rxf5 13. Bxe4 Rf8 14. f4 Nhf6 15.
Bf5 gxf4 16. Nxf4 Nb6 17. Be6+ Kh8 18. Bxc8 Qxc8 19. Qe2 c6 20. Rac1 Qd7 21. c5
dxc5 22. Rxc5 Ne4 23. Rh5 Kg8 24. Qd3 Nf6 25. Rh4 Nbd5 26. e4 Nxf4 27. Rfxf4
Ne8 28. e5 Bxe5 29. Rfg4+ Kh8 30. Bc3 Bf6 31. Rh6 Rf7 32. Rf4 Qd5 33. Rf5 Qd7
34. Rfxf6 Nxf6 35. d5 Raf8 36. Qg6 Qe7 37. dxc6 bxc6 38. Qg5 Qd6 39. Qg4 Qc5+
40. Kg2 Qxc3 41. Qg8+ Kxg8 42. bxc3 Rd8 43. Kh3 Rd2 44. a4 Rc2 0-1

[Event "Copenhagen Chess Challenge 2011"]
[Site "Ballerup"]
[Date "2011.05.20"]
[Round "4"]
[White "Smith, Axel"]
[Black "Brynell, Stellan"]
[Result "1/2-1/2"]
[WhiteElo "2450"]
[BlackElo "2486"]
[PlyCount "53"]
[EventDate "2011.??.??"]
[EventType "swiss"]
[EventRounds "9"]
[EventCountry "DEN"]

1. c4 Nf6 2. g3 e5 3. Nc3 Bb4 4. Nf3 Nc6 5. Nd5 Bc5 6. Bg2 O-O 7. O-O d6 8. d3
h6 9. a3 a6 10. e3 Ba7 11. Nc3 Bg4 12. h3 Bh5 13. Qc2 Nd7 14. b4 f5 15. Nd5 Ne7
16. Bb2 c6 17. Nxe7+ Qxe7 18. a4 Rac8 19. b5 f4 20. exf4 exf4 21. g4 Bg6 22.
Rfe1 Qf7 23. bxa6 bxa6 24. Bf1 Rfe8 25. a5 Rb8 26. Rab1 Nf8 27. Ba3 1/2-1/2

[Event "Copenhagen Chess Challenge 2011"]
[Site "Ballerup"]
[Date "2011.05.20"]
[Round "4"]
[White "Hagen, Andreas Skytte"]
[Black "Tikkanen, Hans"]
[Result "1/2-1/2"]
[WhiteElo "2346"]
[BlackElo "2560"]
[PlyCount "165"]
[EventDate "2011.??.??"]
[EventType "swiss"]
[EventRounds "9"]
[EventCountry "DEN"]

1. e4 c5 2. Nf3 e6 3. d4 cxd4 4. Nxd4 Nc6 5. Nc3 Qc7 6. Be3 a6 7. Qd2 Nf6 8.
O-O-O Bb4 9. f3 O-O 10. g4 b5 11. g5 Ne8 12. a3 Be7 13. h4 Ne5 14. f4 Nc4 15.
Bxc4 Qxc4 16. h5 b4 17. axb4 Bxb4 18. Nde2 Rb8 19. g6 fxg6 20. hxg6 hxg6 21.
Bd4 Rb5 22. f5 Ra5 23. b3 Qc7 24. fxg6 Rf6 25. Qd3 Ra1+ 26. Kb2 Rxd1 27. Nxd1
e5 28. Bc3 Bxc3+ 29. Nexc3 Rxg6 30. Nd5 Qc5 31. b4 Qd4+ 32. Qxd4 exd4 33. Ne7+
Kf7 34. Nxg6 Kxg6 35. Nf2 Nd6 36. Rd1 Nb5 37. Nd3 d6 38. e5 dxe5 39. Nxe5+ Kf5
40. Nc6 Ke4 41. Rg1 d3 42. cxd3+ Kxd3 43. Rxg7 Be6 44. Rg5 Nd6 45. Rg3+ Ke4 46.
Rg6 Kd5 47. Ne7+ Ke5 48. Rg1 Kf6 49. Nc6 Bd5 50. Nb8 a5 51. Rd1 Nc4+ 52. Kc3
axb4+ 53. Kxb4 Be6 54. Nc6 Ne3 55. Rd3 Nf5 56. Kc5 Bc8 57. Rd8 Be6 58. Nd4 Nxd4
59. Kxd4 Kg7 60. Ke5 Bb3 61. Kf5 Bc2+ 62. Kg5 Bb3 63. Rd7+ Kh8 64. Kg6 Bc2+ 65.
Kh6 Kg8 66. Rd2 Bb1 67. Rf2 Bd3 68. Kg5 Kg7 69. Rd2 Bb1 70. Rd7+ Kh8 71. Kf6
Ba2 72. Rd8+ Kh7 73. Ra8 Bc4 74. Ra4 Bb3 75. Rb4 Bc2 76. Kf7 Bg6+ 77. Kf8 Bc2
78. Rb7+ Kg6 79. Rg7+ Kf6 80. Rf7+ Kg6 81. Rg7+ Kf6 82. Rf7+ Kg6 83. Rg7+
1/2-1/2

[Event "Copenhagen Chess Challenge 2011"]
[Site "Ballerup"]
[Date "2011.05.20"]
[Round "4"]
[White "Hector, Jonny"]
[Black "Fries Nielsen, Jens Ove"]
[Result "1-0"]
[WhiteElo "2585"]
[BlackElo "2386"]
[PlyCount "81"]
[EventDate "2011.??.??"]
[EventType "swiss"]
[EventRounds "9"]
[EventCountry "DEN"]

1. e4 d6 2. d4 Nf6 3. Nc3 a6 4. f4 d5 5. e5 Ng8 6. Bd3 Nh6 7. Qf3 Nc6 8. Qxd5
Bf5 9. Nf3 Bxd3 10. cxd3 Qxd5 11. Nxd5 O-O-O 12. Nc3 Nxd4 13. Nxd4 Rxd4 14. Ke2
e6 15. Be3 Rd7 16. Rhd1 Be7 17. d4 Rhd8 18. Rd3 Nf5 19. Rad1 h5 20. Bf2 Bb4 21.
Ne4 Be7 22. g3 Rd5 23. h3 Nh6 24. a3 c6 25. Kf3 f6 26. exf6 gxf6 27. Nc3 R5d6
28. Re1 Rg8 29. Na4 Bd8 30. Nc5 Re8 31. Rde3 Rxd4 32. Rxe6 Rxe6 33. Rxe6 Rd5
34. Re8 Nf5 35. Rh8 Nd6 36. g4 hxg4+ 37. hxg4 Nc4 38. Ne6 Rd6 39. f5 Ne5+ 40.
Ke4 Nf7 41. Rf8 1-0

[Event "Copenhagen Chess Challenge 2011"]
[Site "Ballerup"]
[Date "2011.05.20"]
[Round "4"]
[White "Bulski, Krzysztof"]
[Black "Thorhallsson, Throstur"]
[Result "1/2-1/2"]
[WhiteElo "2482"]
[BlackElo "2392"]
[PlyCount "69"]
[EventDate "2011.??.??"]
[EventType "swiss"]
[EventRounds "9"]
[EventCountry "DEN"]

1. d4 d5 2. c4 c6 3. Nc3 Nf6 4. e3 e6 5. Nf3 Nbd7 6. Bd3 dxc4 7. Bxc4 b5 8. Bd3
Bb7 9. e4 b4 10. Na4 Be7 11. O-O Qa5 12. Nd2 Ba6 13. Bxa6 Qxa6 14. e5 Nd5 15.
Ne4 O-O 16. Bg5 Bxg5 17. Nxg5 h6 18. Ne4 N5b6 19. Nac5 Qc4 20. Nd6 Qd5 21. Na6
Qa5 22. a3 b3 23. Qe2 Nd5 24. Rfc1 f6 25. g3 fxe5 26. Rxc6 Qd8 27. h4 Qf6 28.
Re1 Nf4 29. gxf4 Qg6+ 30. Kf1 Rxf4 31. h5 Qg3 32. Rc3 Qh2 33. f3 Qh1+ 34. Kf2
Qh2+ 35. Kf1 1/2-1/2

[Event "Copenhagen Chess Challenge 2011"]
[Site "Ballerup"]
[Date "2011.05.20"]
[Round "4"]
[White "Teplyi, Igor"]
[Black "Pedersen, Steffen"]
[Result "1-0"]
[WhiteElo "2387"]
[BlackElo "2441"]
[PlyCount "75"]
[EventDate "2011.??.??"]
[EventType "swiss"]
[EventRounds "9"]
[EventCountry "DEN"]

1. d4 d5 2. c4 e6 3. Nc3 Be7 4. cxd5 exd5 5. Bf4 c6 6. Qc2 g6 7. e3 Bf5 8. Qd2
Nf6 9. f3 Nbd7 10. g4 Be6 11. Bg2 Nb6 12. b3 h5 13. h3 Bb4 14. g5 Nfd7 15. h4
a6 16. Nge2 Qe7 17. O-O O-O 18. Qe1 c5 19. a3 cxd4 20. axb4 dxc3 21. Qxc3 Rfc8
22. Qd2 Nf8 23. Be5 Bd7 24. Bb2 Re8 25. e4 Bb5 26. Qd4 f6 27. gxf6 Qf7 28. Rfe1
Bxe2 29. Rxe2 Nbd7 30. Rae1 Ne6 31. Qd2 d4 32. e5 Nb6 33. f4 Rad8 34. Kh1 Qh7
35. Rg1 Kf7 36. Be4 Rg8 37. Reg2 Qh6 38. f5 1-0

[Event "Copenhagen Chess Challenge 2011"]
[Site "Ballerup"]
[Date "2011.05.20"]
[Round "4"]
[White "Rewitz, Poul"]
[Black "Haub, Thorsten Michael"]
[Result "0-1"]
[WhiteElo "2289"]
[BlackElo "2459"]
[PlyCount "66"]
[EventDate "2011.??.??"]
[EventType "swiss"]
[EventRounds "9"]
[EventCountry "DEN"]

1. d4 g6 2. c4 Bg7 3. g3 f5 4. Bg2 Nf6 5. Nc3 O-O 6. Nf3 c6 7. O-O d6 8. Rb1
Nh5 9. e3 e5 10. dxe5 dxe5 11. Ne2 a5 12. b3 Qe7 13. Bb2 Na6 14. a3 Rd8 15. Qc2
f4 16. gxf4 exf4 17. Rbe1 Bf5 18. e4 Qxe4 19. Qxe4 Bxe4 20. Bxg7 Nxg7 21. Nc1
Nc5 22. b4 axb4 23. axb4 Bxf3 24. Bxf3 Nce6 25. Bd1 Ra3 26. c5 Kf8 27. Bb3 Nd4
28. Rd1 Ngf5 29. Rd3 Ne2+ 30. Nxe2 Rxd3 31. Bc4 Rd2 32. Nxf4 Nd4 33. Rb1 Rf3
0-1

[Event "Copenhagen Chess Challenge 2011"]
[Site "Ballerup"]
[Date "2011.05.20"]
[Round "4"]
[White "Danielsen, Henrik"]
[Black "Matthiesen, Martin"]
[Result "1-0"]
[WhiteElo "2545"]
[BlackElo "2242"]
[PlyCount "49"]
[EventDate "2011.??.??"]
[EventType "swiss"]
[EventRounds "9"]
[EventCountry "DEN"]

1. d4 Nf6 2. c4 e6 3. Nf3 b6 4. g3 Ba6 5. b3 c6 6. Bg2 d5 7. O-O Nbd7 8. Qc2
Be7 9. a4 O-O 10. Na3 Rc8 11. Rd1 Re8 12. Bd2 Bxa3 13. Rxa3 c5 14. Be3 dxc4 15.
bxc4 cxd4 16. Rxd4 e5 17. Rh4 Qe7 18. Rc3 Nf8 19. Bh3 Rc7 20. Bf5 Ng6 21. Bxg6
hxg6 22. Ng5 Rec8 23. Qc1 Nd5 24. Qf1 f6 25. Rh8+ 1-0

[Event "Copenhagen Chess Challenge 2011"]
[Site "Ballerup"]
[Date "2011.05.20"]
[Round "4"]
[White "Andersen, Mads"]
[Black "Kvisvik, Brede"]
[Result "1-0"]
[WhiteElo "2431"]
[BlackElo "2175"]
[PlyCount "83"]
[EventDate "2011.??.??"]
[EventType "swiss"]
[EventRounds "9"]
[EventCountry "DEN"]

1. d4 Nf6 2. c4 g6 3. Nc3 Bg7 4. e4 d6 5. Nf3 O-O 6. Be2 e5 7. O-O Nbd7 8. Be3
Re8 9. d5 Nh5 10. g3 Bf8 11. Ne1 Ng7 12. Nd3 f5 13. f3 Be7 14. Rc1 a6 15. b4
Bg5 16. Qd2 Bxe3+ 17. Qxe3 Nf6 18. c5 fxe4 19. fxe4 Bh3 20. Rxf6 Qxf6 21. g4
Bxg4 22. Bxg4 Rf8 23. Be2 Nh5 24. Bxh5 gxh5 25. Ne2 h4 26. Nf2 Rf7 27. Nh3 Kh8
28. Kh1 Rg8 29. Rg1 Qf3+ 30. Qxf3 Rxf3 31. Ng5 Rf2 32. Nc1 h6 33. Ne6 h3 34.
Nxc7 Rxg1+ 35. Kxg1 Rg2+ 36. Kf1 Rxh2 37. cxd6 Rg2 38. d7 Rg8 39. Nd3 Rd8 40.
Nxe5 Rg8 41. d8=Q h2 42. Qxg8+ 1-0

[Event "Copenhagen Chess Challenge 2011"]
[Site "Ballerup"]
[Date "2011.05.20"]
[Round "4"]
[White "Bromann, Thorbjorn"]
[Black "Andersen, Morten"]
[Result "1-0"]
[WhiteElo "2405"]
[BlackElo "2181"]
[PlyCount "119"]
[EventDate "2011.??.??"]
[EventType "swiss"]
[EventRounds "9"]
[EventCountry "DEN"]

1. d4 d5 2. Nc3 Nf6 3. Bg5 e6 4. e4 dxe4 5. Nxe4 Be7 6. Bxf6 gxf6 7. c4 f5 8.
Nc3 Bf6 9. Nge2 Nc6 10. d5 Ne7 11. g3 c6 12. Bg2 cxd5 13. cxd5 exd5 14. Qa4+
Bd7 15. Qf4 Qb6 16. O-O d4 17. Nd5 Nxd5 18. Bxd5 O-O 19. Qh6 Bb5 20. Rfe1 Bxe2
21. Rxe2 Rad8 22. Bb3 Qd6 23. Rd1 Bg7 24. Qh5 Qg6 25. Qf3 Qg4 26. Qd3 Rd6 27.
Re7 f4 28. Qe4 Rd7 29. Bc2 d3 30. Rxd7 Qxd7 31. Bxd3 Qh3 32. Qxf4 Qh5 33. Bc2
Bxb2 34. Bb3 Qe5 35. Qg4+ Qg7 36. Qe4 b6 37. Rd7 a5 38. Qe3 Qf6 39. Qe4 Kg7 40.
Qd5 Ba3 41. Kg2 Bc5 42. f4 Qb2+ 43. Kh3 Qf6 44. Kg4 Kg8 45. h4 Qg7+ 46. Kh3 Bf2
47. Qf3 Bc5 48. Rd5 h6 49. Rd7 Kh8 50. f5 Qf6 51. Rc7 Bb4 52. Rc6 Qg7 53. f6
Qg8 54. Qf4 h5 55. Bd1 Qg6 56. Rxb6 Rd8 57. Bf3 Bd2 58. Qe5 Rg8 59. Rb5 Bh6 60.
Qd6 1-0

[Event "Copenhagen Chess Challenge 2011"]
[Site "Ballerup"]
[Date "2011.05.20"]
[Round "4"]
[White "Brondt, Nicolai Kvist"]
[Black "Mikkelsen, Nikolaj"]
[Result "1/2-1/2"]
[WhiteElo "2151"]
[BlackElo "2401"]
[PlyCount "120"]
[EventDate "2011.??.??"]
[EventType "swiss"]
[EventRounds "9"]
[EventCountry "DEN"]

1. Nf3 c5 2. c4 Nc6 3. g3 g6 4. Bg2 Bg7 5. Nc3 d6 6. O-O e5 7. d3 Nge7 8. Rb1
O-O 9. a3 a5 10. Ne1 Be6 11. Nc2 d5 12. Nxd5 Nxd5 13. cxd5 Bxd5 14. Bxd5 Qxd5
15. e4 Qa2 16. Bd2 Rfd8 17. Bc3 c4 18. Ra1 Qb3 19. Ne1 Qb5 20. Qd2 cxd3 21. Rd1
Rd7 22. Ng2 Rad8 23. Ne3 Nd4 24. Bxd4 Rxd4 25. Nd5 R4xd5 26. exd5 Qxd5 27. f3
e4 28. fxe4 Qxe4 29. Qg2 Qxg2+ 30. Kxg2 Bxb2 31. Rf3 d2 32. Rb3 Bc1 33. Kf1 a4
34. Rxb7 Bxa3 35. Ra7 Rd4 36. Ke2 Bc1 37. Rf1 Re4+ 38. Kd1 a3 39. Ra8+ Kg7 40.
Ra7 Kh6 41. Raxf7 Kg5 42. Rxh7 Ra4 43. Rf4 Rxf4 44. gxf4+ Kxf4 45. Ke2 g5 46.
Ra7 Kg4 47. Ra5 Kh3 48. Kd1 g4 49. Rh5+ Kg2 50. Rg5 Kf3 51. Rf5+ Ke3 52. Rg5
Bb2 53. Ra5 Bc1 54. Ra4 Kf3 55. Ra8 Bb2 56. Ra4 Ke3 57. Ra8 Kf2 58. Kxd2 Kg2
59. Rg8 Kh3 60. Kc2 Be5 1/2-1/2

[Event "Copenhagen Chess Challenge 2011"]
[Site "Ballerup"]
[Date "2011.05.20"]
[Round "4"]
[White "Skytte, Rasmus"]
[Black "Christensen, Janus"]
[Result "1-0"]
[WhiteElo "2399"]
[BlackElo "2148"]
[PlyCount "60"]
[EventDate "2011.??.??"]
[EventType "swiss"]
[EventRounds "9"]
[EventCountry "DEN"]

1. e4 c5 2. Nc3 Nc6 3. Bb5 Nd4 4. Bc4 e6 5. Nge2 a6 6. d3 b5 7. Bb3 Bb7 8. O-O
Nxb3 9. axb3 Nf6 10. f4 b4 11. Na4 d6 12. Qe1 Be7 13. f5 exf5 14. Rxf5 O-O 15.
Ng3 Ng4 16. Rf4 Ne5 17. Nf5 Bf6 18. Qf1 Rc8 19. Be3 Ng6 20. Rf2 Be5 21. Qe2 Nh4
22. Ng3 f5 23. exf5 Qe7 24. Bf4 Rce8 25. Bxe5 dxe5 26. Qg4 Bd5 27. Raf1 Qf6 28.
Ne4 Qh6 29. g3 Nxf5 30. Rxf5 Be6 1-0

[Event "Copenhagen Chess Challenge 2011"]
[Site "Ballerup"]
[Date "2011.05.20"]
[Round "4"]
[White "Johansson, Linus"]
[Black "Fries Nielsen, Niels Jorgen"]
[Result "1/2-1/2"]
[WhiteElo "2131"]
[BlackElo "2326"]
[PlyCount "239"]
[EventDate "2011.??.??"]
[EventType "swiss"]
[EventRounds "9"]
[EventCountry "DEN"]

1. d4 Nf6 2. c4 c5 3. d5 b5 4. cxb5 a6 5. bxa6 Bxa6 6. Nc3 d6 7. g3 g6 8. Bg2
Bg7 9. Nf3 O-O 10. O-O Nbd7 11. Rb1 Rb8 12. b3 Qa5 13. Bd2 Ne8 14. Qc2 Nc7 15.
a4 Qb6 16. Rfd1 f5 17. Be1 Bb7 18. Nd2 Qa6 19. Nc4 Nb6 20. Nxb6 Qxb6 21. e3 Na6
22. Ne2 Nb4 23. Bxb4 Qxb4 24. Nf4 Qc3 25. Qxc3 Bxc3 26. Bf1 Ra8 27. Rdc1 Ba5
28. h4 Rfb8 29. h5 g5 30. Ne6 Bxd5 31. Nxg5 h6 32. Nh3 Rxb3 33. Nf4 Bf7 34. Bh3
Rxb1 35. Rxb1 e6 36. g4 e5 37. Ng6 fxg4 38. Bxg4 Bb4 39. Ne7+ Kf8 40. Nf5 Be6
41. Nxh6 Ke7 42. Nf5+ Kf6 43. e4 d5 44. Ne3 Rg8 45. f3 d4 46. Nd5+ Bxd5 47.
exd5 e4 48. Kf2 e3+ 49. Ke2 Ke5 50. h6 Rh8 51. Rh1 Kxd5 52. h7 Bd2 53. Bf5 c4
54. f4 Kc5 55. Rh6 Kb4 56. Rb6+ Kxa4 57. Rb7 Rd8 58. Rd7 d3+ 59. Bxd3 cxd3+ 60.
Rxd3 Rh8 61. Rd7 Kb5 62. f5 Kc6 63. Rg7 Kd6 64. f6 Bc3 65. Kxe3 Bxf6 66. Ra7
Be7 67. Kd4 Rxh7 68. Ra6+ Kd7 69. Ra7+ Ke6 70. Ra6+ Bd6 71. Ra8 Rh4+ 72. Kd3
Kd5 73. Rd8 Rh3+ 74. Ke2 Ke5 75. Re8+ Kf4 76. Kd2 Be5 77. Kc2 Ke4 78. Rd8 Rc3+
79. Kd2 Rb3 80. Kc1 Bd4 81. Kc2 Rb2+ 82. Kc1 Rg2 83. Kb1 Kd3 84. Rc8 Rb2+ 85.
Kc1 Ra2 86. Rb8 Ra7 87. Rb5 Rh7 88. Kb1 Rh1+ 89. Ka2 Kc4 90. Rb4+ Kc3 91. Rb3+
Kc2 92. Rb2+ Kd3 93. Rb1 Rh8 94. Rb3+ Bc3 95. Rb7 Rh1 96. Rb1 Rh2+ 97. Ka3 Kc4
98. Rb7 Bd4 99. Rb4+ Kd3 100. Rb3+ Bc3 101. Rb8 Kc2 102. Ka2 Rh5 103. Rb2+ Kd3
104. Rb7 Bd4 105. Ka3 Kc4 106. Ka4 Bc3 107. Rb4+ Kd3 108. Rb5 Rh4+ 109. Kb3 Rh1
110. Rd5+ Bd4 111. Rb5 Ra1 112. Kb4 Rc1 113. Kb3 Rc6 114. Rb7 Rc3+ 115. Kb4 Rc5
116. Rb5 Rc2 117. Kb3 Bc5 118. Ka4 Ra2+ 119. Kb3 Ra3+ 120. Kb2 1/2-1/2

[Event "Copenhagen Chess Challenge 2011"]
[Site "Ballerup"]
[Date "2011.05.20"]
[Round "4"]
[White "Knudsen, Jes West"]
[Black "Sylvan, Jacob"]
[Result "1/2-1/2"]
[WhiteElo "1939"]
[BlackElo "2261"]
[PlyCount "62"]
[EventDate "2011.??.??"]
[EventType "swiss"]
[EventRounds "9"]
[EventCountry "DEN"]

1. e4 d6 2. d4 Nf6 3. Nc3 g6 4. Be2 Bg7 5. g4 h6 6. h3 c5 7. d5 Nbd7 8. Be3 a6
9. a4 Rb8 10. Qd2 Qa5 11. Ra3 h5 12. g5 Nh7 13. f4 O-O 14. Nf3 Re8 15. Bd3 Qc7
16. Nh4 Nhf8 17. O-O c4 18. Be2 Nc5 19. f5 b5 20. f6 Bh8 21. axb5 axb5 22. b4
cxb3 23. Nxb5 Qd7 24. Bxc5 dxc5 25. Rxb3 exf6 26. Qf4 Ba6 27. gxf6 Bxb5 28. c4
Bxc4 29. Bxc4 Rxb3 30. Bxb3 Qb5 31. Bc2 Qb2 1/2-1/2